000 02057nam a22002777a 4500
999 _c22027
_d22027
003 AR-CdUCM
008 190425b ||||| |||| 00| 0 spa d
040 _aMUNICIPALIDAD PROVINCIAL DEL CUSCO
_cBIBLIOTECA MUNICIPAL DEL CUSCO
082 _aRev.Muni/N°2/1991
110 _aMunicipalidad Provincial del Cusco
_947190
245 _aRevista Municipal del Qosqo /
_cMunicipalidad Provincial del Cusco
260 _aCusco.
_bMercantil,
_c1991.
300 _a170 páginas. :
_bilustraciones ;
_c30 cm.
440 _aRevista Municipal del Qosqo.
_nAño 1, segunda época, N°2
_947194
505 _aContenido: Hermanamiento del Qosqo con Atenas, Kesong -- Qosqo en el concierto de la naciones -- El Himno al Cusco de Robles y Alviña. Abel Rozas Aragón. -- Historia y Arqueología del Qosqo Pre-Inka. Luis Barreda Murillo. -- Génesis y evolución del régimen de la propiedad en los periodos Inka y Colonial. Elver Pizarro Pillco. -- Ensayo sobre tipología de Estado incaico. José Bejar Quispe. -- Educación conservadora o instruccional i educación revolucionaria o futurista. Luci Velásquez Velásquez. -- Conversaciones sobre el ombligo del mundo. Emilio Suri. -- Alfabeto básico del Quechua imperial. Academia Mayor de la Lengua Quechua. -- Teatro Municipal conservación, restauración y adecuación -- Programa municipal de forestación -- Programa de emergencia social presentado por la Municipalidad del Qosqo -- Qosqo de los Incas. Manuel Chávez Ballón. -- Recurso impugnativo contra la resolución ejecutiva regional -- Resumen de actividades cumplidas por EMUFEC -- Logro de la Caja Municipal -- Informe estadístico del programa vaso de leche -- Estafeta -- Ordenanzas, Decretos y Resoluciones.
650 _aHistorias del Cusco
_947166
650 _aInkas
_91899
650 _aMúsica cusqueña
_913074
650 _aPatrimonio
_95523
650 _aSiglo XX
_947176
700 _aChávez Ballón, Manuel
_945977
700 _aBarreda Murillo, Luis
_931369
700 _aRozas Aragón, Abel
_942152
942 _2ddc
_cPP
945 _arac